00969nam a2200253Ia 4500003000400000005001700004008004100021020001800062040001800080041000800098082002600106245012000132250001200252260005200264300002900316650003700345650003600382650002600418700003100444700002800475942003500503999001900538952015800557OSt20241217092749.0210716s2009 xx 000 0 und d a9788184244366 cAIMIT LIBRARY aeng a001.0720046 21bSASM aOpen source beyond GNU/Linux : bNational conference on open source software /cEdited by M Sasikumar and R Aparna. a1st ed. aNew Delhi :bAllied Publishers Pvt Ltd ,c2009. axii;159p. ;bPBc28.5 cm aCollaboration technology9191258 aEnterprise applications9191259 aOther domains9191260 aSasikumar, M., ed.9191261 aAparna, R., ed.9191262 2ddccBKe1stk001.0720046 SASM c192665d192665 00102ddc40708MCAaAIMITbAIMITeKnowledge WorldiBill no:1349; Bill dt:2012-09-19l0o001.0720046 SASMpMCA12173r2025-07-21 00:00:00w2021-07-16yBK